Основы уголовной политики: конституционный, криминологический, уголовно-правовой и информационный аспекты (Запис № 411193)

МАРК-запис
000 -Лідер
fixed length control field 06580nam a22003977a 4500
003 - Ідентифікатор контрольного номера
control field UA-OsUOA
001 - Контрольний номер
control field 123989
007 - Фіксоване поле фізичного опису
fixed length control field ta
008 - Елементи даних фіксованої довжини – загальна інформація
fixed length control field 20170719b un ||||| |||| 00| 0 ukr d
090 ## - Локальний шифр розміщення
Класифікаційний індекс УДК 340:32
Авторський знак (НП) Б85
040 ## - Джерело каталогізації
Агенція оригінальної каталогізації UA-OsUOA
Мова каталогізації rus
Агенція, яка здійснювала перезапис UA-OsUOA
Агенція, яка здійснювала модифікацію UA-OsUOA
041 ## - Код мови
Код мови тексту/ звукової доріжки чи окремого заголовка (П) rus
080 ## - Індекс Універсальної десяткової класифікації
Індекс Універсальної десяткової класифікації (УДК) (НП) 340:32
020 ## - Міжнародний стандартний книжковий номер (ISBN)
Міжнародний стандартний книжковий номер (ISBN) (НП) 5-89158-035-7
100 ## - Основне введення – ім’я особи
Ім’я особи (НП) Босхолов С. С.
245 ## - Відомості про назву
Назва (НП) Основы уголовной политики: конституционный, криминологический, уголовно-правовой и информационный аспекты
Решта назви (НП) монография
260 ## - Публікація, розповсюдження і т.п. (Вихідні дані)
Місце публікації, розповсюдження і т.п. (П) М.
Ім’я/ наймення видавництва, розповсюджувача і т.п. (П) ЮрИнфоР
Дата публікації, розповсюдження і т.п. (П) 1999
300 ## - Фізичний опис
Обсяг 293 с.
520 3# - Резюме і т.п.
Резюме, реферат, анотація, тощо (НП) ОглавлениеВведениеРаздел І. Состояние конституционно-правовой - системы и уголовной политикГлава 1. Кризис конституционно-правовой системы и пути его преодоления§ 1. Предпосылки и причины кризиса§ 2. Сущность и содержание кризиса§ 3. Влиян
520 3# - Резюме і т.п.
Резюме, реферат, анотація, тощо (НП) ие Конституционно-правового кризиса 90-х гг. на состояние преступности§ 4. Пути преодоления кризисаСостояние уголовной политики: традиционные и новые проблемы§ 1. Понятие и принципы уголовной политики§ 2. Дефекты парадигмы «борьба с преступнос
520 3# - Резюме і т.п.
Резюме, реферат, анотація, тощо (НП) тью»§ 3. Уголовная политика на новом этапе: проблемы и опасности§ 4. Тенденции изменений в уголовной политике§ 5. Приоритеты и основные направления уголовной политикиРаздел II. Конституционно-правовые основы уголовной политикКонституционные о
520 3# - Резюме і т.п.
Резюме, реферат, анотація, тощо (НП) сновы уголовной политики§ 1. Уголовная политика как предмет конституционного регулирования§ 2. Права человека и уголовная политика§ 3. Уголовная политика в системе разделения властей§ 4. Международное сотрудничество в реализации задач уголовно
520 3# - Резюме і т.п.
Резюме, реферат, анотація, тощо (НП) й политикиУголовное законодательство как правовая основа уголовной политики§ 1. Уголовный закон и уголовная политика§ 2. Политико-правовые предпосылки реформы уголовного законодательства§ 3. Новое уголовное законодательство: достижения, ошибки
520 3# - Резюме і т.п.
Резюме, реферат, анотація, тощо (НП) и пробелы§ 4. Основные направления дальнейшего совершенствования уголовного законодательстваУголовная политика ц профилактика преступности§ 1. Предупреждение преступности — главное направление уголовной политики§ 2. Правовое регулирование про
520 3# - Резюме і т.п.
Резюме, реферат, анотація, тощо (НП) филактики преступлений: состояние и проблемы§ 3. Пути совершенствования правовой основы профилактики преступлений в качестве приоритетного направления уголовной политикиИнформационное обеспечение уголовной политикиОбщая характеристика информацио
520 3# - Резюме і т.п.
Резюме, реферат, анотація, тощо (НП) нного обеспечения§ 1. Понятие, содержание и цели информационного обеспечения§ 2. Проблемные ситуации в информационном обеспечении: характеристика, причины и пути разрешения§ 3. Правоприменительная деятельность как информационный процессКонцепц
520 3# - Резюме і т.п.
Резюме, реферат, анотація, тощо (НП) ия информационного обеспечения уголовной политики§ 1. Методологические основы разработки и создания системы информационного обеспечения§ 3, Состав и структура информационного обеспеченияОсновные направления совершенствования информационного обес
520 3# - Резюме і т.п.
Резюме, реферат, анотація, тощо (НП) печения уголовной политики§ 1. Тенденции и перспективы развития и совершенствования информационного обеспечения§ 2. Правовые и организационные аспекты совершенствования информационного обеспечения§ 3. Технический и ресурсный аспекты совершенство
520 3# - Резюме і т.п.
Резюме, реферат, анотація, тощо (НП) вания информационного обеспеченияПравовые основы контроля§ 1. Конституционно-правовое регулирование контроля§ 2. Проблемы законодательного обеспечения контроляГражданский и парламентский контроль. Прокурорский надзор§ 1. Гражданский контроль
520 3# - Резюме і т.п.
Резюме, реферат, анотація, тощо (НП) : состояние и пути развития§ 2. Парламентский контроль: проблемы конституционного и [законодательного закрепления§ 3. Проблемы совершенствования прокурорского надзораСудебный и конституционный контроль: проблемы теории и практики§ 1. Судебный к
520 3# - Резюме і т.п.
Резюме, реферат, анотація, тощо (НП) онтроль§ 2. Конституционный контроль
650 #7 - Додаткове предметне введення – тематичний термін
Тематичний термін чи географічна назва, як елемент введення (НП) 340 Право в цілому. Пропедевтика. Методи та допоміжні правничі науки
Джерело заголовка чи терміна UDC
942 ## - Додаткові елементи входу (Коха)
Тип елемента Koha Книги
955 ## - Код типу видання за змістом
Код типу видання за змістом (НП) Наукові видання
Фонди
Стан вилучень Стан втрат Джерело класифікації або схеми стелажів Стан уражень Не для кредиту Код колекції Постійне місце розташування Поточне розміщення Дата придбання Джерело придбання Вартість, звичайна ціна покупки Інвентарний номер Усього замовленно Повний номер виклику Штрих-код Дата останнього перегляду Ціна ефективна від Тип елемента Koha
    Universal Decimal Classification     Колекція Бауліна Ю.В. ЧЗ - Читальна зала ЧЗ - Читальна зала 19/07/2017 31/2017 20.00 154131   340:32 Б85 154131 06/02/2022 19/07/2017 Книги